书目信息 |
| 题名: |
外国建筑史
|
|
| 作者: | 陈志华 著 | |
| 分册: | ||
| 出版信息: | 北京 中国建筑工业出版社 1979 |
|
| 页数: | 284页 | |
| 开本: | 26cm | |
| 丛书名: | ||
| 单 册: | ||
| 中图分类: | TU-091 | |
| 科图分类: | ||
| 主题词: | 建筑史 | |
| 电子资源: | ||
| ISBN: | ||
| 000 | 00623nam0 2200241 45 | |
| 001 | 0179006724 | |
| 005 | 20040517104112.3 | |
| 010 | @dCNY1.90 | |
| 091 | @a15040.3783 | |
| 100 | @a19950804d1979 em y0chiy0121 ea | |
| 101 | 0 | @achi |
| 102 | @aCN@b110000 | |
| 105 | @ay z 000yy | |
| 106 | @ar | |
| 200 | 10 | @a外国建筑史@Awai guo jian zhu shi@e十九世纪末叶以前@f陈志华著 |
| 210 | @a北京@c中国建筑工业出版社@d1979 | |
| 215 | @a284页@d26cm | |
| 300 | @a高等学校教学参考书 | |
| 606 | 0 | @a建筑史 |
| 690 | @aTU-091 | |
| 701 | 0 | @a陈志华@Achen zhi hua@4著 |
| 801 | 0 | @aCN@bNLC@c20040517 |
| 905 | @f1@b109297@dTU-091@e13 | |
| 外国建筑史:十九世纪末叶以前/陈志华著.-北京:中国建筑工业出版社,1979 |
| 284页;26cm |
| 高等学校教学参考书 |
| ISBN :CNY1.90 |
| ● |
| 相关链接 |
|
|
|
|
正题名:外国建筑史
索取号:TU-091/13
 
预约/预借
| 序号 | 登录号 | 条形码 | 馆藏地/架位号 | 状态 | 备注 |
| 1 | 0109297 | 001481970 | 第三借阅区/ [索取号:TU-091/13] | 在馆 |